La comunicación en el desempeño de las funciones de gestión docente, Colegio de La Salle, Santiago, República Dominicana, 2011 (Record no. 2606)
[ view plain ]
| 000 -LEADER | |
|---|---|
| campo de control de longitud fija | 02888nam a2200565Ia 4500 |
| 001 - NÚMERO DE CONTROL | |
| campo de control | 2774 |
| 008 - DATOS DE LONGITUD FIJA--INFORMACIÓN GENERAL | |
| campo de control de longitud fija | 241029s9999 xx 000 0 und d |
| 010 ## - NÚMERO DE CONTROL DE LA BIBLIOTECA DEL CONGRESO | |
| Número de control de LC | 2606 |
| 041 ## - CÓDIGO DE IDIOMA | |
| Código de lengua del texto/banda sonora o título independiente | Español |
| 082 ## - NÚMERO DE LA CLASIFICACIÓN DECIMAL DEWEY | |
| Número de clasificación | NO APLICA |
| 245 #0 - MENCIÓN DEL TÍTULO | |
| Título | La comunicación en el desempeño de las funciones de gestión docente, Colegio de La Salle, Santiago, República Dominicana, 2011 |
| 260 ## - PUBLICACIÓN, DISTRIBUCIÓN, ETC. | |
| Lugar de publicación, distribución, etc. | Santiago |
| 300 ## - DESCRIPCIÓN FÍSICA | |
| Extensión | 60 |
| 520 ## - RESUMEN, ETC. | |
| Sumario, etc. | 31 |
| 520 ## - RESUMEN, ETC. | |
| Sumario, etc. | La investigación consistió en determinar la importancia de la Comunicación en el Desempeño de las Funciones de Gestión Docente en el Colegio De La Salle de Santiago.La metodología de esta investigación es descriptiva combinada con la de campo. El método utilizado es el deductivo combinado con el inductivo. El universo de esta investigación está compuesto por 65 docentes que actualmente trabajan en el Colegio La Salle. No se utilizó la población porque se tomó el universo. Considerando la cantidad como un número manejable, el universo constituye la muestra.Las conclusiones revelan que el centro cumple con las exigencias del sistema educativo dominicano en cuanto a calidad educativa, estructura física y cumplimiento del currículo, siendo de esta manera, la institución garantiza excelencia en esto aspectos. (Ver tablas 10, 11 y 12).Queda demostrado que la hipótesis ?El proceso de comunicación hacia el personal docente del Colegio De La Salle de Santiago, es deficiente y obstruye el buen desempeño de su labor ?, no pudo ser probada,puesto que la mayoría de los docentes afirman no tener inconvenientes con las comunicaciones recibidas.(Ver tabla 13). Por lo que se le recomienda que establezca un sistema de comunicación interno en la web, que garantice que todos los docentes tengan un correo electrónico de uso exclusivo de la institución. |
| 630 ## - PUNTO DE ACCESO ADICIONAL DE MATERIA--TÍTULO UNIFORME | |
| Título uniforme | Comunicación |
| 630 ## - PUNTO DE ACCESO ADICIONAL DE MATERIA--TÍTULO UNIFORME | |
| Título uniforme | Desempeño Docente |
| 630 ## - PUNTO DE ACCESO ADICIONAL DE MATERIA--TÍTULO UNIFORME | |
| Título uniforme | Funciones |
| 630 ## - PUNTO DE ACCESO ADICIONAL DE MATERIA--TÍTULO UNIFORME | |
| Título uniforme | Gestión |
| 650 ## - PUNTO DE ACCESO ADICIONAL DE MATERIA--TÉRMINO DE MATERIA | |
| Término de materia o nombre geográfico como elemento de entrada | Gestión Educativa |
| 690 ## - PUNTO DE ACCESO ADICIONAL DE MATERIA LOCAL--TÉRMINO DE MATERIA (OCLC, RLIN) | |
| Término de materia o nombre geográfico como elemento inicial | Elaborado |
| 700 ## - ENTRADA AGREGADA--NOMBRE PERSONAL | |
| Término indicativo de función/relación | asesor |
| Nombre de persona | Reyes, Rafael |
| 700 ## - ENTRADA AGREGADA--NOMBRE PERSONAL | |
| Término indicativo de función/relación | autor |
| Nombre de persona | Contreras, Margarita María |
| 700 ## - ENTRADA AGREGADA--NOMBRE PERSONAL | |
| Término indicativo de función/relación | autor |
| Nombre de persona | Rodríguez, Martha Noelia |
| 901 ## - ELEMENTOS DE DATOS A LOCAL LDA (RLIN) | |
| a | {"1":" Contreras","2":"Rodríguez"} |
| b | {"1":"Margarita María","2":"Martha Noelia "} |
| 902 ## - ELEMENTOS DE DATOS B LOCAL, LDB (RLIN) | |
| a | 1 |
| 903 ## - ELEMENTOS DE DATOS C LOCAL, LDC (RLIN) | |
| a | {"1":"Reyes"} |
| b | {"1":"Rafael "} |
| 904 ## - ELEMENTOS DE DATOS D LOCAL, LDD (RLIN) | |
| a | Magíster en |
| 905 ## - ELEMENTOS DE DATOS E LOCAL, LDE (RLIN) | |
| a | Gestión de Centros |
| 906 ## - ELEMENTOS DE DATOS F LOCAL, LDF (RLIN) | |
| a | 2 |
| 907 ## - ELEMENTOS DE DATOS G LOCAL, LDG (RLIN) | |
| a | NO APLICA |
| 908 ## - COLOCAR PARÁMETRO DE COMANDO (RLIN) | |
| Colocar parámetro de comando | NO APLICA |
| 909 ## - | |
| -- | Universidad Nacional Evangélica (UNEV), Recinto Santiago |
| 910 ## - DATOS DE OPCIÓN DEL USUARIO (OCLC) | |
| Datos de opción del usuario | NULL |
| -- | NULL |
| 911 ## - EQUIVALENCIA O REFERENCIA-CRUZADA-NOMBRE DE CONFERENCIA O REUNIÓN/CONGRESO [LOCAL, CANADÁ] | |
| Nombre de congreso/reunión o jurisdicción como elemento de entrada | ["1"] |
| 912 ## - | |
| -- | NO APLICA |
| 913 ## - | |
| -- | NULL |
| 914 ## - | |
| -- | 01 de Noviembre de 2010 |
| 915 ## - | |
| -- | 20/07/15 06:07 |
| 916 ## - | |
| -- | NULL |
| 917 ## - | |
| -- | NULL |
| 918 ## - | |
| -- | NO APLICA |
| 919 ## - | |
| -- | ["230","62","260","111"] |
| 921 ## - | |
| -- | 11 |
| 922 ## - | |
| -- | 11 |
| 923 ## - | |
| -- | 0 |
| 924 ## - | |
| -- | NO APLICA |
| 942 ## - ELEMENTOS DE ENTRADA SECUNDARIOS (KOHA) | |
| Tipo de ítem Koha | |
No items available.